zpět

Detail výsledku týmu

Pěkná brynda ST, Beroun

Datum a čas kvízu

22.5 Celkem bodů Celkový počet nahraných bodů na tomto kvízu bez doplňovacích otázek.
5. Pořadí na kvízu Konečné umístění týmu na tomto kvízu.

Zaznamenané odpovědi

# Otázka Odpověď Body Výsledky
1. V Praze minulý týden začala st... Pankrác 0
2. Slovenská policie minulý týden... Robert Fico, Robert Kaliňák 0
3. Společnost Mattel vydala u pří... královna Alžběta II. 1
4. Jedna z českých nápojářských z... Kofola 0
5. Českým házenkářkám se povedl m... Francie 0
6. Tímto tématem navazujeme v naš... B 0
7. Na lícní straně dvacetikoruny... zahynout nám i budoucím 0
8. Dvacet deka lásky je knihou po... Monyová 0
9. Protonové číslo dvacet má vápn... alabastr 0
10. Dne 13. prosince roku 1920 zal... Haribo 1